01363nam a2200325 a 4500001001000000003000900010005001700019008004100036020001500077040002600092082003100118100004500149245006000194260006600254300001900320490002300339500003300362500007300395590002600468600007700494650001600571650001900587650004000606710004100646910001500687942001200702952015300714952015300867999001701020000016501DO-SdBNP20211022120627.0100305s2004 dr 000 0 spa d a9993490628 aDO-SdBNPbspacBPMSU  a923.77295bR696h, 2004222 aRodríguez Demorizi, Emilio,d1908-198610aHostos en Santo Domingo /cEmilio Rodríguez Demorizi. aSanto Domingo :bSociedad Dominicana de Bibliófilos,c2004. a2 v. ;c24 cm.0 aBibliófilos 2000 aIncluye índice de nombres. aIncluye referencias bibliográficas y notas al pie de las páginas aInventariado, 2021/VM14aHostos, Eugenio María de d1839-1903xPensamiento político y social  4aIdeología 4aÉtica social 4aEducaciónzRepública Dominicana2 aSociedad Dominicana de Bibliófilos aVMateo V.  2ddccBK 00102ddc40708CDaBPMETbBPMETd2021-10-22eFundación Juan BoschoBPMSU CD 923.77295 R696h 2004pBPMSU21100137r2021-10-22tv.1w2021-10-22yBK 00102ddc40708CDaBPMETbBPMETd2021-10-22eFundación Juan BoschoBPMSU CD 923.77295 R696h 2004pBPMSU21100138r2021-10-22tv.2w2021-10-22yBK c13817d13817